000 00337nam a2200133Ia 4500
008 240624s9999 xx 000 0 und d
041 _aeng
082 _a519.535 IZE
100 _aIZENMAN ALAN J
245 _aMODERN MULTIVARIATE STATISTICAL TECHNIQU
260 _c2008
_aLearning
_bSpringer
300 _axxv, 733 p.
365 _cERU
_b30
999 _c30914
_d30914